000
00295nam a22001337a 4500
008
170208b xxu||||| |||| 00| 0 eng d
020
_a
9780763745257
041
_a
eng
080
_a
61
100
_a
4
101
_a
SHM
245
_a
ESSENTIALS OF PUBLIC HEALTH
_c
TURNOCK, B.J
942
_2
udc
_c
BK
999
_c
4942
_d
4942